000 00972nam a22003017a 4500
001 6594
003 FISKH
005 20250513093404.0
008 250513b cb ||||| |||| 00| 0 eng d
020 _a9780439424417
040 _aFISKH
_beng
_cFISKH
_dFISKH
050 _aPZ7
082 _a521
100 _aDadey, Debbie
_d(1959-)
245 _aSwamp monster in third grade /
_cBy Debbie Dadey ; Illustrations by Margeaux Lucas
250 _aThis edition first published in 2002
260 _aNew York :
_bScholastic,
_c2002
300 _a79 pages :
_billustrations ;
_c20 cm
505 _aP
520 _aA swamp monster who has inexplicably turned into a boy in the third grade wants desperately to go back to his old self.
521 8 _a640
_bLexile
521 8 _aP
_bRaz-Plus
650 _2Swamp monster
_aLevel M
650 _2School Themed
_aPrincipals office
700 _aLucas, Margeaux
_dillustrator
942 _2ddc
_cBK
_n0
999 _c6594
_d6594